| 000 | 00847nam a2200253Ia 4500 | ||
|---|---|---|---|
| 003 | OSt | ||
| 005 | 20220923211951.0 | ||
| 006 | a|||||r|||| 00| 0 | ||
| 007 | ta | ||
| 008 | 220922b |||||||| |||| 00| 0 san d | ||
| 024 | _a75,849 | ||
| 037 | _cTextual | ||
| 040 |
_aARTS _cARTS _bsan |
||
| 041 |
_2san _asan |
||
| 082 | _aR625:13x1:1, 15K0 | ||
| 100 | _aउपाध्याय, गोकुलनाथ | ||
| 245 | 0 | _aपदवाक्यरत्नाकर | |
| 246 | _aPadavākyaratnākara | ||
| 260 |
_aवाराणसी _b प्रकाशन विभाग _c1960 |
||
| 300 |
_a836पृ0 _ccm. |
||
| 490 | _aसरस्वतीभवन ग्रन्थमाला; 88 | ||
| 942 |
_hR625:13x1:1, 15K0 _cTEXL _2CC |
||
| 999 |
_c305018 _d305018 |
||